Redes Sociais mais populares atualmente - Statistics

Estatísticas Gerais
  • Esse quiz foi jogado 199 vezes
  • A pontuação média é 6 de 10
Estatísticas das Respostas
Número de Úsuarios Rede Social % Correto
1. 4 bilhão Instagram
100%
2.9 bilhões Facebook
96%
436 milhões Twitter
94%
1 bilhão TikTok
83%
557 milhões Snapchat
73%
2. 5 bilhões Youtube
65%
444 milhões Pinterest
31%
430 milhões Reddit
19%
573 milhões Sina Weibo
2%
573 milhões Kuaishou
1%
Nenhum quiz correspondente encontrado
Distribuição das Pontuações
Porcentagem de Pessoas com Cada Pontuação
Percentil de Números Respondidos
Sua Pontuação Histórica
Você não jogou esse quiz